| 000 | 01162cam a22002891i 4500 | ||
|---|---|---|---|
| 003 | SA-RiAUC | ||
| 005 | 20250502151910.0 | ||
| 008 | 250502s1997 ye g b 00010 ara c | ||
| 040 |
_aSA-MaUQU _bara _cSA-RiAUC _erda |
||
| 043 | _aa-ye--- | ||
| 082 | 0 | 4 |
_a246.09532 _qSA-RiAUC |
| 090 |
_a246.09532 _b ز ي د |
||
| 100 | 1 |
_aزيد، علي محمد _eمؤلف. |
|
| 245 | 1 | 0 |
_aتيارات معتزلة اليمن في القرن السادس الهجري / _cعلي محمد زيد. |
| 250 | _aالطبعة الأولى. | ||
| 264 | 1 |
_aصنعاء : _bالمركز الفرنسي للدراسات اليمنية : _bبيسان للنشر والتوزيع والإعلام، _c1997 |
|
| 300 |
_a352 صفحة ؛ _c28 سم |
||
| 336 |
_aنص _btxt _2rdacontent _3كتاب |
||
| 337 |
_aبدون وسيط _bn _2rdamedia |
||
| 338 |
_aمجلد _bnc _2rdacarrier |
||
| 504 | _aببليوجرافية : صفحة 341-347. | ||
| 650 | 7 |
_aالمعتزلة (فرقة إسلامية) _zاليمن _2aucsh |
|
| 650 | 7 |
_aالفرق الإسلامية _zاليمن _2aucsh |
|
| 942 |
_2ddc _cBOOK _n0 |
||
| 949 |
_aSA-JeALM _d250502 _umohamedma123 _n1 |
||
| 999 |
_c7521 _d7521 |
||